College Quizbowl Stats
College Quizbowl Stats
Circuits
Seasons
Sets
Records
Detailed Stats
About
Loading...
Overflow
Tossups
Bonuses
Players
Teams
Categories (Tossup)
Categories (Bonus)
Andrew Vincent
Northwestern B
Categories
Category
Powers
Gets
Negs
BBs
Points
Earliest Buzz
Avg. Buzz
First Buzzes
Top 3 Buzzes
BPA
PVF
Current Events
0
1
0
0
10
61
61.00
1
1
16.39
26.67
History - American
0
1
0
0
10
57
57.00
0
1
4.84
6.82
Pop Culture
0
1
0
1
10
75
75.00
0
1
22.83
25.00
Science - Biology
0
0
0
0
0
0.00
0
0
0.00
0.00
Buzzes
Category
Answer
Value
Buzz Position
History - American
Muscogee
10
57
Current Events
Tim Walz
10
61
Pop Culture
Washington Commanders
10
75
Science - Biology
adrenal glands
0
118
Previous
1
Next